Le Canada et la société des savoirs: le Canada et les Amériques /
Na minha lista:
| Autor principal: | |
|---|---|
| Outros Autores: | |
| Formato: | Texto |
| Publicado em: |
Ottawa:
Université d'Ottawa
|
| Tags: |
Adicionar Tag
Sem tags, seja o primeiro a adicionar uma tag!
|
MARC
| LEADER | 00000 a a2200000 04500 | ||
|---|---|---|---|
| 001 | 39367 | ||
| 003 | |||
| 040 | |||
| 020 | |a 978-0-88927-333-7 | ||
| 090 | |a 0001 I32c | ||
| 100 | |a Imbert, Patrick | ||
| 245 | |a Le Canada et la société des savoirs: le Canada et les Amériques / |c Patrick Imbert | ||
| 260 | |a Ottawa: |b Université d'Ottawa | ||
| 300 | |a 180 p. | ||
| 700 | |a dir. | ||
| 999 | |c 12388 |d 12388 | ||



